Score 0/9 Timer 01:00
3 Plays Today
% Correct
Espinosa
90.2%
Dorian
89.4%
Reid
86.9%
Cox
86.8%
Kelso
86.1%
Turk
81.2%
Buckland
72.1%
Sullivan
70.4%
Quinlan
66.2%

Today's Daily Dose

Remove Ads.
Support Sporcle.
Get the best of Sporcle when you Go Orange. This ad-free experience offers more features, more stats, and more fun while also helping to support Sporcle. Thank you for becoming a member.

You're not logged in!

Compare scores with friends on all Sporcle quizzes.
OR
Log In

Show Comments

Extras

Top Quizzes Today


Score Distribution

Your Account Isn't Verified!

In order to create a playlist on Sporcle, you need to verify the email address you used during registration. Go to your Sporcle Settings to finish the process.

Report this User

Report this user for behavior that violates our Community Guidelines.

Details: